| 000 | 00728nam a2200229 a 4500 | ||
|---|---|---|---|
| 005 | 20191224041516.0 | ||
| 008 | 140219b1998 -Us||||| |||| 00| 0 ENG d | ||
| 020 | _a0259210X | ||
| 040 |
_aCO-BoIAVH _cCO-BoIAVH |
||
| 041 | _aeng | ||
| 044 | _axxu | ||
| 082 |
_a352.34 _bG52s |
||
| 100 | 1 |
_aGirishankar, Navin _96825 |
|
| 245 | 1 | 0 |
_aStrategic management for government agencies : _ban institutional approach for developing and transition economics |
| 260 |
_aWashington: _bWorld Bank, _c1998. |
||
| 300 | _a52 páginas | ||
| 650 | 1 |
_aPlanificación estratégica _950603 |
|
| 650 | 1 |
_aAdministración ambiental _9466 |
|
| 650 | 1 |
_aOrganizaciones gubernamentales _96772 |
|
| 700 | 1 |
_aSilva, Migara de _96826 |
|
| 942 |
_cLIBRO _2ddc |
||
| 999 |
_c184 _d184 |
||